| Tag |
First Indicator |
Second Indicator |
Subfields |
| LEADER |
00000cam a2200000 a 4500 |
| 001 |
in00003390821 |
| 006 |
m o d |
| 007 |
cr cn||||||||| |
| 008 |
130916s2013 enkad ob 001 0 eng d |
| 005 |
20250816223118.6 |
| 010 |
|
|
|z 2012042974
|
| 020 |
|
|
|z 9780521114080 (hardback)
|
| 020 |
|
|
|z 9781107248083 (e-book)
|
| 035 |
|
|
|a (CaPaEBR)ebr10752992
|
| 040 |
|
|
|a CaPaEBR
|c CaPaEBR
|d UtOrBLW
|
| 050 |
|
4 |
|a TA1705
|b .I34 2013eb
|
| 082 |
0 |
4 |
|a 621.3661
|2 23
|
| 100 |
1 |
|
|a Ikesue, Akio.
|
| 245 |
1 |
0 |
|a Ceramic lasers /
|c Akio Ikesue, Yan Lin Aung, Voicu Lupei.
|
| 264 |
|
1 |
|a Cambridge :
|b Cambridge University Press,
|c 2013.
|
| 300 |
|
|
|a 1 online resource (xii, 445 pages) :
|b illustrations
|
| 336 |
|
|
|a text
|b txt
|2 rdacontent
|
| 337 |
|
|
|a computer
|b c
|2 rdamedia
|
| 338 |
|
|
|a online resource
|b cr
|2 rdacarrier
|
| 504 |
|
|
|a Includes bibliographical references and index.
|
| 500 |
|
|
|a Electronic resource.
|
| 650 |
|
0 |
|a Solid-state lasers.
|
| 650 |
|
0 |
|a Ceramic materials.
|
| 655 |
|
7 |
|a Electronic books.
|2 local
|
| 700 |
1 |
|
|a Aung, Yan Lin.
|
| 700 |
1 |
|
|a Lupei, Voicu.
|
| 710 |
2 |
|
|a ebrary, Inc.
|
| 856 |
4 |
1 |
|u https://ebookcentral.proquest.com/lib/tamucs/detail.action?docID=1394529
|y Connect to the full text of this electronic book
|t 0
|
| 980 |
|
|
|a 130927
|b 120
|c USD
|e 120
|f YBP_EBR0000070129
|g 1
|
| 999 |
f |
f |
|s 98a26340-3396-3df9-8456-3f2be57f996d
|i ca52cc92-a499-30a1-a0a2-440e335b19f3
|t 0
|
| 999 |
|
|
|a MARS
|
| 952 |
f |
f |
|a Texas A&M University
|b College Station
|c Electronic Resources
|d Available Online
|t 0
|e TA1705 .I34 2013eb
|h Library of Congress classification
|
| 998 |
f |
f |
|a TA1705 .I34 2013eb
|t 0
|l Available Online
|